<?xml version="1.0" encoding="UTF-8"?>
<record
    xmlns:xsi="http://www.w3.org/2001/XMLSchema-instance"
    xsi:schemaLocation="http://www.loc.gov/MARC21/slim http://www.loc.gov/standards/marcxml/schema/MARC21slim.xsd"
    xmlns="http://www.loc.gov/MARC21/slim">

  <leader>00338nam a2200145Ia 4500</leader>
  <controlfield tag="008">191201s2009    xx            000 0 und d</controlfield>
  <datafield tag="082" ind1=" " ind2=" ">
    <subfield code="a">005.133</subfield>
    <subfield code="b">SCC</subfield>
  </datafield>
  <datafield tag="100" ind1=" " ind2=" ">
    <subfield code="a">SCHILDT,Herbert</subfield>
  </datafield>
  <datafield tag="245" ind1=" " ind2="0">
    <subfield code="a">Complete reference C++</subfield>
  </datafield>
  <datafield tag="250" ind1=" " ind2=" ">
    <subfield code="a">Rep</subfield>
  </datafield>
  <datafield tag="260" ind1=" " ind2=" ">
    <subfield code="a">N. delhi</subfield>
    <subfield code="b">TMH</subfield>
    <subfield code="c">2009</subfield>
  </datafield>
  <datafield tag="300" ind1=" " ind2=" ">
    <subfield code="a">1023</subfield>
  </datafield>
  <datafield tag="650" ind1=" " ind2=" ">
    <subfield code="a">B.Tech(CSE)</subfield>
  </datafield>
  <datafield tag="942" ind1=" " ind2=" ">
    <subfield code="2">ddc</subfield>
    <subfield code="c">BK</subfield>
    <subfield code="0">9</subfield>
  </datafield>
  <datafield tag="999" ind1=" " ind2=" ">
    <subfield code="c">4413</subfield>
    <subfield code="d">4413</subfield>
  </datafield>
  <datafield tag="952" ind1=" " ind2=" ">
    <subfield code="0">0</subfield>
    <subfield code="1">0</subfield>
    <subfield code="2">ddc</subfield>
    <subfield code="4">0</subfield>
    <subfield code="7">0</subfield>
    <subfield code="8">BTECHCSE</subfield>
    <subfield code="a">PIET</subfield>
    <subfield code="b">PIET</subfield>
    <subfield code="d">2010-03-06</subfield>
    <subfield code="e">J B C, New Delhi</subfield>
    <subfield code="g">495.00</subfield>
    <subfield code="k">SI-4791</subfield>
    <subfield code="l">1</subfield>
    <subfield code="o">005.133 SCC</subfield>
    <subfield code="p">14828</subfield>
    <subfield code="r">2025-02-24 00:00:00</subfield>
    <subfield code="s">2025-02-10</subfield>
    <subfield code="w">2010-02-24</subfield>
    <subfield code="y">BK</subfield>
  </datafield>
  <datafield tag="952" ind1=" " ind2=" ">
    <subfield code="0">0</subfield>
    <subfield code="1">0</subfield>
    <subfield code="2">ddc</subfield>
    <subfield code="4">0</subfield>
    <subfield code="7">0</subfield>
    <subfield code="8">BTECHCSE</subfield>
    <subfield code="a">PIET</subfield>
    <subfield code="b">PIET</subfield>
    <subfield code="d">2010-03-06</subfield>
    <subfield code="e">J B C, New Delhi</subfield>
    <subfield code="g">495.00</subfield>
    <subfield code="k">SI-4791</subfield>
    <subfield code="l">2</subfield>
    <subfield code="o">005.133 SCC</subfield>
    <subfield code="p">14829</subfield>
    <subfield code="r">2024-02-16 00:00:00</subfield>
    <subfield code="s">2023-09-02</subfield>
    <subfield code="w">2010-02-24</subfield>
    <subfield code="y">BK</subfield>
  </datafield>
  <datafield tag="952" ind1=" " ind2=" ">
    <subfield code="0">0</subfield>
    <subfield code="1">0</subfield>
    <subfield code="2">ddc</subfield>
    <subfield code="4">0</subfield>
    <subfield code="7">0</subfield>
    <subfield code="8">BTECHCSE</subfield>
    <subfield code="a">PIET</subfield>
    <subfield code="b">PIET</subfield>
    <subfield code="d">2010-03-06</subfield>
    <subfield code="e">J B C, New Delhi</subfield>
    <subfield code="g">495.00</subfield>
    <subfield code="k">SI-4791</subfield>
    <subfield code="l">3</subfield>
    <subfield code="o">005.133 SCC</subfield>
    <subfield code="p">14830</subfield>
    <subfield code="r">2023-05-11 00:00:00</subfield>
    <subfield code="s">2023-05-04</subfield>
    <subfield code="w">2010-02-24</subfield>
    <subfield code="y">BK</subfield>
  </datafield>
  <datafield tag="952" ind1=" " ind2=" ">
    <subfield code="0">0</subfield>
    <subfield code="1">0</subfield>
    <subfield code="2">ddc</subfield>
    <subfield code="4">0</subfield>
    <subfield code="7">0</subfield>
    <subfield code="8">BTECHCSE</subfield>
    <subfield code="a">PIET</subfield>
    <subfield code="b">PIET</subfield>
    <subfield code="d">2010-03-06</subfield>
    <subfield code="e">J B C, New Delhi</subfield>
    <subfield code="g">495.00</subfield>
    <subfield code="k">SI-4791</subfield>
    <subfield code="l">1</subfield>
    <subfield code="o">005.133 SCC</subfield>
    <subfield code="p">14831</subfield>
    <subfield code="r">2025-02-10 00:00:00</subfield>
    <subfield code="s">2025-01-22</subfield>
    <subfield code="w">2010-02-24</subfield>
    <subfield code="y">BK</subfield>
  </datafield>
  <datafield tag="952" ind1=" " ind2=" ">
    <subfield code="0">0</subfield>
    <subfield code="1">0</subfield>
    <subfield code="2">ddc</subfield>
    <subfield code="4">0</subfield>
    <subfield code="7">0</subfield>
    <subfield code="8">BTECHCSE</subfield>
    <subfield code="a">PIET</subfield>
    <subfield code="b">PIET</subfield>
    <subfield code="d">2010-03-06</subfield>
    <subfield code="e">J B C, New Delhi</subfield>
    <subfield code="g">495.00</subfield>
    <subfield code="k">SI-4791</subfield>
    <subfield code="l">4</subfield>
    <subfield code="o">005.133 SCC</subfield>
    <subfield code="p">14832</subfield>
    <subfield code="r">2024-08-23 00:00:00</subfield>
    <subfield code="s">2024-08-09</subfield>
    <subfield code="w">2010-02-24</subfield>
    <subfield code="y">BK</subfield>
  </datafield>
  <datafield tag="952" ind1=" " ind2=" ">
    <subfield code="0">0</subfield>
    <subfield code="1">0</subfield>
    <subfield code="2">ddc</subfield>
    <subfield code="4">0</subfield>
    <subfield code="7">0</subfield>
    <subfield code="8">BTECHCSE</subfield>
    <subfield code="a">PIET</subfield>
    <subfield code="b">PIET</subfield>
    <subfield code="d">2010-03-06</subfield>
    <subfield code="e">J B C, New Delhi</subfield>
    <subfield code="g">495.00</subfield>
    <subfield code="k">SI-4791</subfield>
    <subfield code="l">2</subfield>
    <subfield code="o">005.133 SCC</subfield>
    <subfield code="p">14833</subfield>
    <subfield code="r">2022-03-29 00:00:00</subfield>
    <subfield code="s">2022-03-28</subfield>
    <subfield code="w">2010-02-24</subfield>
    <subfield code="y">BK</subfield>
  </datafield>
  <datafield tag="952" ind1=" " ind2=" ">
    <subfield code="0">0</subfield>
    <subfield code="1">0</subfield>
    <subfield code="2">ddc</subfield>
    <subfield code="4">0</subfield>
    <subfield code="7">0</subfield>
    <subfield code="8">BTECHCSE</subfield>
    <subfield code="a">PIET</subfield>
    <subfield code="b">PIET</subfield>
    <subfield code="d">2010-03-06</subfield>
    <subfield code="e">J B C, New Delhi</subfield>
    <subfield code="g">495.00</subfield>
    <subfield code="k">SI-4791</subfield>
    <subfield code="l">1</subfield>
    <subfield code="o">005.133 SCC</subfield>
    <subfield code="p">14834</subfield>
    <subfield code="r">2020-03-16 00:00:00</subfield>
    <subfield code="s">2020-03-05</subfield>
    <subfield code="w">2010-02-24</subfield>
    <subfield code="y">BK</subfield>
  </datafield>
  <datafield tag="952" ind1=" " ind2=" ">
    <subfield code="0">0</subfield>
    <subfield code="1">0</subfield>
    <subfield code="2">ddc</subfield>
    <subfield code="4">0</subfield>
    <subfield code="7">0</subfield>
    <subfield code="8">BTECHCSE</subfield>
    <subfield code="a">PIET</subfield>
    <subfield code="b">PIET</subfield>
    <subfield code="d">2010-03-06</subfield>
    <subfield code="e">J B C, New Delhi</subfield>
    <subfield code="g">495.00</subfield>
    <subfield code="k">SI-4791</subfield>
    <subfield code="l">3</subfield>
    <subfield code="o">005.133 SCC</subfield>
    <subfield code="p">14835</subfield>
    <subfield code="r">2023-03-27 00:00:00</subfield>
    <subfield code="s">2023-03-14</subfield>
    <subfield code="w">2010-02-24</subfield>
    <subfield code="y">BK</subfield>
  </datafield>
</record>
